01486nam a2200361 a 4500001001200000003000800012006001900020007001500039008004100054010001700095020001800112020002700130040002100157035002100178050002500199100002000224245012800244246007800372260007900450300002300529490003500552533015200587650002000739650002900759650003200788655002900820700002100849710005600870710001700926830003600943856012600979999001901105ebr10516614CaPaEBRm u cr cn|||||||||041104s1985 nyua s 000 0 eng d z 2004559582 z9781563473074 z9781600867866 (e-book) aCaPaEBRcCaPaEBR a(OCoLC)79270376914aTL589.4b.D76 1985eb1 aDroste, Carl S.12aA case study on the F-16 fly-by-wire flight control systemh[electronic resource] /cby Carl S. Droste and James E. Walker.14aGeneral Dynamics case study on the F-16 fly-by-wire flight control system a[New York] :bAmerican Institute of Aeronautics and Astronautics,c[1985?] avi, 113 p. :bill.1 aAIAA professional study series aElectronic reproduction.bPalo Alto, Calif. :cebrary,d2013.nAvailable via World Wide Web.nAccess may be limited to ebrary affiliated libraries. 0aFlight control. 0aF-16 (Jet fighter plane) 0aAirplanesxControl systems. 7aElectronic books.2local1 aWalker, James E.2 aAmerican Institute of Aeronautics and Astronautics.2 aebrary, Inc. 0aAIAA professional study series.40uhttp://site.ebrary.com/lib/rucke/Doc?id=10516614zAn electronic book accessible through the World Wide Web; click to view c224187d224187